01238nam a2200241Ia 4500001001100000003001000011008004100021040002500062041001300087100002500100245005000125250001100175260006000186300002700246500018400273501011400457520018400571650002300755942000700778957000600785999004300791952016200834L248-15207IT-CnALBA170116s9999||||xx |||||||||||||| ||und|| aIT-CnALBAcIT-CnALBA aITALIANO aDE JAEGHER PAUL, SJ. 0aLA VITA D'IDENTIFICAZIONE CON GESÙ CRISTO.  a1a ed. a TORINO - ROMAbMARIETTI EDITORE c1932 [1° Ed.: n.d.] a108 p. (prefazione: 5) aTRADUZIONE DAL FRANCESE DI P. CELESTINO TESTORE, SJ. GRAZIA SANTIFICANTE E INTIMITÀ CON LE PERSONE DIVINE. IDENTIFICAZIONE CON GESÙ. RITRATTO DELL'ANIMA. VANTAGGI SPIRITUALI.  aSocietà San Paolo EM - Piazza San Paolo, 14 - 12051 ALBA (CN) (non commercial uses only) ® Copyright 2017 aTRADUZIONE DAL FRANCESE DI P. CELESTINO TESTORE, SJ. GRAZIA SANTIFICANTE E INTIMITÀ CON LE PERSONE DIVINE. IDENTIFICAZIONE CON GESÙ. RITRATTO DELL'ANIMA. VANTAGGI SPIRITUALI.  aASCETICA E MISTICA cBK 71 a19957bSI g Copie: 1 c274376d274376 0010406L_2481520771aALBAbALBAd2017-01-16l0oL248-15207r2017-01-16 00:00:00w2017-01-16yBKz(data import: 16 gennaio 2017) - By Epidotti, Vaglietti.